000 00547nam a22002052 4500
001 0000004247
005 20151217145800.0
008 070521s xx 000 0 eng d
020 _a0521795400 :
_cKES 3,500
040 _aKABU
_cKABU
050 0 _aQA612
_b.H38
100 1 _aHatcher, Allen.
_@0000154711
245 1 0 _aAlgebraic topology.
260 _aCambridge :
_bCUP,
_c2002.
300 _axii, 544 p.
650 0 _aAlgebraic topology.
_@0000154712
908 _a070521
950 _@1
999 _c2564
_d2564